Madridia lähimpänä sijaitsevat pääkaupungit - Statistics

Yleistilastot
  • Tätä visaa on pelattu 429 kertaa
  • Keskiarvotulos 16 / 20
Vastaukset kartalla
Vastauksille on annettu kartalla punavihreä väri sen mukaan, kuinka moni on saanut sen oikein.
 
Vastaustilastot
km Pääkaupunki % Oikein
1053 Pariisi
98%
503 Lissabon
97%
1363 Rooma
96%
1265 Lontoo
93%
494 Andorra la Vella
91%
1453 Dublin
89%
1319 Bryssel
87%
1483 Amsterdam
84%
1153 Bern
84%
991 Monaco
82%
1385 San Marino
77%
1281 Luxemburg
74%
1362 Vatikaani
74%
1271 Tunis
67%
1668 Valletta
67%
719 Alger
66%
1297 Vaduz
63%
771 Rabat
60%
1600 Ljubljana
59%
1702 Zagreb
58%
Ehtoja vastaavia visoja ei löytynyt
Tulosjakauma
Jokaisen tuloksen saaneiden osuus
Persentiili vastausten määrän mukaan
Tuloshistoriasi
Et ole pelannut tätä visaa